000 01038naa a22002897a 4500
001 BR6009591
003 BR-BrBNA
005 20240918173042.0
007 ta
008 230509b bl.||||| |||| 00| 0 por d
040 _aBR-BrBNA
_bpor
_cBiblioteca Nacional de Agricultura
041 _a(Pt, En)
072 _aF70
_b1300
_b2200
090 _aF70 BR6009591
100 1 _aRocha, F.F.
100 1 _aSacco, J. da C.
111 1 _a2. Seminario Brasileiro de Sementes
_cPelotas, RS (Brazil)
_d16 Sep 1968
245 1 _aRelacao taxonomica de hortalicas e ervas de condimentos
260 3 _aRio de Janeiro, GB (Brasil):
_c1970.
500 _aAnais do 2. Seminario Brasileiro de Sementes Rio de Janeiro, GB (Brasil): 1970. p. 121-192 (BR6009591-AM)F70
650 _aTaxonomia vegetal
650 _aHortalica
650 _aPlanta para condimento
773 0 _tAnais do 2. Seminario Brasileiro de Sementes
_wF70 BR6009591
_gRio de Janeiro, GB (Brasil), 1970. p. 121-192
909 _a202404
_bLucia
_c55
_dLucia Elande
942 _cAM
_2AGRIS
999 _c302673
_d302673